000816783 001__ 816783 000816783 005__ 20251015095441.0 000816783 0247_ $$2ISSN$$a2577-6193 000816783 0247_ $$2doi$$a10.1145/3384542 000816783 0247_ $$2WOS$$aWOS:000691050700002 000816783 0247_ $$2SCOPUS$$aSCOPUS:2-s2.0-85097012909 000816783 037__ $$aRWTH-2021-03432 000816783 041__ $$aEnglish 000816783 1001_ $$0P:(DE-82)IDM04402$$aSchuster, Kersten Martin$$b0$$eCorresponding author$$urwth 000816783 245__ $$aA Three-Level Approach to Texture Mapping and Synthesis on 3D Surfaces$$honline 000816783 260__ $$aNew York, NY$$bACM$$c2020 000816783 300__ $$a[1]-19 000816783 3367_ $$00$$2EndNote$$aJournal Article 000816783 3367_ $$0PUB:(DE-HGF)16$$2PUB:(DE-HGF)$$aJournal Article$$bjournal$$mjournal 000816783 3367_ $$2BibTeX$$aARTICLE 000816783 3367_ $$2DRIVER$$aarticle 000816783 3367_ $$2DataCite$$aOutput Types/Journal article 000816783 3367_ $$2ORCID$$aJOURNAL_ARTICLE 000816783 588__ $$aDataset connected to CrossRef, Journals: publications.rwth-aachen.de 000816783 591__ $$aGermany 000816783 7001_ $$0P:(DE-82)IDM02870$$aTrettner, Philip Ulrich$$b1$$eCorresponding author$$urwth 000816783 7001_ $$0P:(DE-82)IDM01703$$aSchmitz, Patric$$b2$$eCorresponding author$$urwth 000816783 7001_ $$0P:(DE-82)IDM00102$$aKobbelt, Leif$$b3$$eCorresponding author$$urwth 000816783 773__ $$0PERI:(DE-600)2964069-6$$a10.1145/3384542$$n1$$p1$$tProceedings of the ACM on Computer Graphics and Interactive Techniques : PACMCGIT$$v3$$x2577-6193$$y2020 000816783 8564_ $$uhttps://publications.rwth-aachen.de/record/816783/files/816783.pdf$$yRestricted 000816783 909CO $$ooai:publications.rwth-aachen.de:816783$$pVDB 000816783 9101_ $$0I:(DE-588b)36225-6$$6P:(DE-82)IDM04402$$aRWTH Aachen$$b0$$kRWTH 000816783 9101_ $$0I:(DE-588b)36225-6$$6P:(DE-82)IDM02870$$aRWTH Aachen$$b1$$kRWTH 000816783 9101_ $$0I:(DE-588b)36225-6$$6P:(DE-82)IDM01703$$aRWTH Aachen$$b2$$kRWTH 000816783 9101_ $$0I:(DE-588b)36225-6$$6P:(DE-82)IDM00102$$aRWTH Aachen$$b3$$kRWTH 000816783 9151_ $$0StatID:(DE-HGF)0031$$2StatID$$aPeer reviewed article$$x0 000816783 9201_ $$0I:(DE-82)122310_20140620$$k122310$$lLehrstuhl für Informatik 8 (Computergraphik und Multimedia)$$x0 000816783 9201_ $$0I:(DE-82)120000_20140620$$k120000$$lFachgruppe Informatik$$x1 000816783 961__ $$c2021-04-01T14:39:57.248008$$x2021-04-01T14:39:57.248008$$z2021-04-06 000816783 980__ $$aI:(DE-82)120000_20140620 000816783 980__ $$aI:(DE-82)122310_20140620 000816783 980__ $$aUNRESTRICTED 000816783 980__ $$aVDB 000816783 980__ $$ajournal